Представление документа в формате RUSMARC

ПолеНазваниеЗначение
  Тип записи a
  Библиографический уровень a
001 Контрольный номер RU/CBS_Ul/BASE/457712084
005 Дата корректировки 20240209175141.2
100 Данные общей обработки __
a Данные общей обработки 20140703d2014 ||| 0rusy0189 ca
101 Язык документа 0_
a Язык текста rus
102 Страна публикации __
a Страна публикации RU
105 Кодированные данные (монография) __
a Кодированные данные (монография) y###||||000|y
200 Заглавие и сведения об ответственности 1_
a Заглавие Звуки "мы"
b Общее обозначение материала Текст
e Сведения, относящиеся к заглавию [активисты Майдана: как изменить страну за четыре дня ]
f Первые сведения об ответственности Ю. Вишневецкая
300 Общие примечания __
a Общие примечания Ограничения по возрасту -16 +
461 Уровень набора _0
1 2000
a Русский репортер
463 Уровень физической единицы _0
1 001RU/CBS_Ul/BASE/457549073
1 2000
a №8 (27-6 марта)
v С. 54-61.
1 210
d 2014
606 Тематические рубрики __
a Основная рубрика Украина - Политические процессы - нач. 21 в.
y Географическая подрубрика Украина
610 Ключевые слова 0_
a Ключевые слова революция
a Ключевые слова переворот
a Ключевые слова политика
a Ключевые слова власть
686 Индексы других классификаций __
a Классификационный индекс 66.3(4Укр)
2 Код системы ББК
700 Автор _1
a Фамилия Вишневецкая
b Имя (инициалы) Ю.
g Полное личное имя Юлия
801 Источник записи _0
a Страна RU
b Организация МБУК ЦБС г. Ульяновска
c Дата составления 20140703
g Правила каталогизации RCR
801 Источник записи _1
a Страна RU
b Организация МБУК ЦБС г. Ульяновска
c Дата составления 20140703
g Правила каталогизации RCR
901 Тип документа __
t Тип документа b
w Контрольный № источника RU/CBS_Ul/BASE/457549073
910 Корректоры записи __
a Корректор записи Библиотека 8
938 Служебная информация __
a Имя БД period